Tiempos y Lugares: transformaciones socioculturales en localidades rurales de Chile Central

Tiempos y lugares habla sobre los cambios socioculturales ocurridos en hombres y mujeres de las localidades rurales ubicadas en la franja oriental de la Cordillera de la Costa de la región de O' Higgins y Maule, a lo largo de tres generaciones. Fenómenos como la migración campo-ciudad, los ciclos de...

Full description

Bibliographic Details
Other Authors: Rebolledo González, Loreto 1950-, Fernández, Óscar, Mandel, Astrid, González Cardénas, Carolina, Lara Martínez, Mauricio, Valdés Subercaseaux, Ximena (coord.)
Format: Libro
Language:Spanish
Published: Santiago, Chile: Ediciones Universidad academia de Humanismo Cristiano, 2018.
Subjects:

MARC

LEADER 00000cam a22000007a 4500
003 UAHC
005 20190810063146.0
008 180823s2018 cl |||| |||| 00| 0 spa d
952 |0 0  |1 0  |2 ddc  |4 0  |6 305_809833200000000_TIE  |7 0  |8 COMP  |9 90477  |a BC  |b BC  |c General  |d 2018-08-23  |e Donación  |g 6000.00  |l 8  |m 10  |o 305.8098332 TIE  |p 1443125  |r 2026-01-13 00:00:00  |s 2022-07-21  |t c.1  |v 6000.00  |w 2018-08-23  |y BK  |B GEO 
952 |0 0  |1 0  |2 ddc  |4 0  |6 305_809833200000000_TIE  |7 0  |8 COMP  |9 90478  |a BC  |b BC  |c General  |d 2018-08-23  |e Donación  |g 6000.00  |l 3  |m 4  |o 305.8098332 TIE  |p 1443126  |r 2026-01-13 00:00:00  |s 2019-05-04  |t c.2  |v 6000.00  |w 2018-08-23  |y BK  |B GEO 
952 |0 0  |1 0  |2 ddc  |4 0  |6 305_809833200000000_TIE  |7 0  |8 COMP  |9 90479  |a BC  |b BC  |c General  |d 2018-08-23  |e Donación  |g 6000.00  |l 5  |o 305.8098332 TIE  |p 1443127  |r 2026-01-13 00:00:00  |s 2022-03-24  |t c.3  |v 6000.00  |w 2018-08-23  |y BK  |B GEO 
999 |c 51038  |d 51038 
020 |a 97895673682408 
035 |a CENTRAL 
040 |a UAHC_CL  |c UAHC_CL  |d UAHC_CL 
082 |2 20  |b T562  |a 305.8098332 
245 |a Tiempos y Lugares:  |b transformaciones socioculturales en localidades rurales de Chile Central  |c Ximena Valdés (coord.). 
260 |a Santiago, Chile:  |b Ediciones Universidad academia de Humanismo Cristiano,  |c 2018. 
300 |a 335 p. 
505 |a Cambios intergeneracionales de hombres y mujeres del campo chileno. Transformaciones socioculturales y trayectorias de vida / Loreto Rebolledo -- Pilén. Cambios intergeneracionales en una comunidad campesina del secano interior del Maule, siglos XX y XXI / Ximena Valdés y Oscar Fernández -- Tránsitos diversos en tres generaciones de un grupo familiar de Mata Redonda, Colchagua / Loreto Rebolledo y Astrid Mandel -- Pasado y presente en las representaciones identitarias de antiguos inquilinos y trabajadores agrícolas en Nilahue, Colchagua / Carolina González Cárdenas -- Masculinidad ganadera en Población, Peralillo, Colchagua / Mauricio Lara Martínez 
520 |a Tiempos y lugares habla sobre los cambios socioculturales ocurridos en hombres y mujeres de las localidades rurales ubicadas en la franja oriental de la Cordillera de la Costa de la región de O' Higgins y Maule, a lo largo de tres generaciones. Fenómenos como la migración campo-ciudad, los ciclos de vida de los oficios tradicionales, la creciente escolarización, o el rol de la mujer al interior de la familia, cobran vida desde el testimonio de sus propios protagonistas: descendientes de campesinos, inquilinos, trabajadores agrícolas, alfareras, tejedoras y mujeres dedicadas a labores productivas y domésticas en campos y casas. 
650 0 |9 4570  |a Geografía humana  |z Chile 
650 0 |9 4571  |a  Etnología  |z Chile  |z Zona central 
650 0 |9 3756  |a Migración interna   |z Chile  |x Historia 
651 0 |9 4572  |a Zona Central (Chile)  |v Estudio de casos  |x Condiciones económicas 
700 |a Rebolledo González, Loreto  |d 1950-  |9 69 
700 |9 4573  |a Fernández, Óscar 
700 |9 4574  |a Mandel, Astrid 
700 |9 4575  |a González Cardénas, Carolina 
700 |9 4576  |a Lara Martínez, Mauricio 
700 |a Valdés Subercaseaux, Ximena  |e coord.  |9 5787 
942 |2 ddc  |c BK